[Event "Catarinense-ch (Women)"]
[Site "Blumenau"]
[Date "2017.05.21"]
[Round "6"]
[White "Gilioli, Taynara Marquers"]
[Black "Warmling, Vanessa"]
[Result "1/2-1/2"]
[WhiteElo "1533"]
[BlackElo "1441"]
[PlyCount "56"]
[EventDate "2017.05.19"]
[EventType "swiss"]
[EventRounds "6"]
[EventCountry "BRA"]
[SourceTitle "CBM 178 Extra"]
[Source "ChessBase"]
[SourceDate "2017.06.22"]
[SourceVersion "1"]
[SourceVersionDate "2017.06.22"]
[SourceQuality "1"]

1. e4 e5 2. Nf3 Nc6 3. Bc4 h6 4. d3 Bc5 5. Nc3 Nf6 6. 0-0 0-0 7. Be3 Bb6 8. Qd2 d6 9. h3 Be6 10. Bb3 Nd4 11. Bxd4 exd4 12. Na4 c5 13. Nxb6 Qxb6 14. Nh2 Bxb3 15. axb3 a5 16. f4 Qc7 17. Nf3 b6 18. c3 dxc3 19. bxc3 Nd7 20. Nh2 f5 21. Rf3 fxe4 22. dxe4 Nf6 23. Rg3 Kh8 24. Re3 Rae8 25. Rae1 Nd7 26. g3 b5 27. Rd3 Nf6 28. Rde3 Nd7 1/2-1/2

[Event "Catarinense-ch (Women)"]
[Site "Blumenau"]
[Date "2017.05.20"]
[Round "4"]
[White "Engel, Franciele Carolina"]
[Black "Gilioli, Taynara Marquers"]
[Result "0-1"]
[WhiteElo "1328"]
[BlackElo "1533"]
[PlyCount "48"]
[EventDate "2017.05.19"]
[EventType "swiss"]
[EventRounds "6"]
[EventCountry "BRA"]
[SourceTitle "CBM 178 Extra"]
[Source "ChessBase"]
[SourceDate "2017.06.22"]
[SourceVersion "1"]
[SourceVersionDate "2017.06.22"]
[SourceQuality "1"]

1. e4 e5 2. Nf3 Nc6 3. Bc4 Bc5 4. c3 Nf6 5. d4 exd4 6. e5 Qe7 7. cxd4 Bb4+ 8. Nc3 d6 9. Bf4 Nh5 10. Qc1 Nxd4 11. Nxd4 dxe5 12. Bxe5 Qxe5+ 13. Qe3 Qxe3+ 14. fxe3 0-0 15. Kf2 Nf6 16. Nce2 Ne4+ 17. Kf3 Nd2+ 18. Kf2 Nxc4 19. a3 Bc5 20. Rhc1 Bxd4 21. exd4 Nxb2 22. Rxc7 Re8 23. Rb1 Na4 24. Rbc1 b5 0-1